TOUT mes personnages d'anime et jeux vidéos - Statistiques

Statistiques générales
  • Ce quiz a été pris 176 fois
    166 depuis la dernière actualisation
  • Le résultat moyen est 9 sur 68
Statistiques - réponses
Anime/ Jeu BB <3 % Correct
Death Note L Lawliet
87%
Death Note Yagami Light
73%
Bleach Kurosaki Ichigo
60%
Shingeki no Kiyojin Jaeger Eren
44%
Shingeki no Kiyojin Ackerman Levi
40%
Tokyo Ghoul Kaneki Ken
36%
Kuroko no Basket Aomine Daiki
34%
Hunter X Hunter Hisoka
34%
Naruto Hatake Kakashi
31%
Amour Sucré Armin
25%
Kuroko no Basket Kise Ryouta
21%
Amour Sucré Lysandre
17%
Fruit Basket Sohma Kyo
17%
Haikyuu!! Haiba Lev
16%
Naruto Nara Shikamaru
16%
Noragami Yato
16%
Free! Nanase Haruka
15%
Fruit Basket Sohma Hatsuharu
15%
Naruto Uchiwa Madara
15%
Free! Matsuoka Rin
13%
My Hero Academia Shigaraki Tomura
13%
Kuroko no Basket Murasakibara Atsushi
12%
Haikyuu!! Bokuto Koutarou
11%
My Hero Academia Dabi (Touya Todoroki)
11%
Amour Sucré Kentin
11%
Vampire Knight Kiryu Zero
11%
Haikyuu!! Nishinoya Yuu
11%
Tekken Chaolan Lee
10%
Haikyuu!! Kuroo Tetsurou
10%
Amour Sucré Alexy
8%
Tekken Kazama Jin
8%
Haikyuu!! Kenma Kozume
8%
Haikyuu!! Akaashi Keiji
7%
My Hero Academia Overhaul (Kai Chizaki)
7%
Haikyuu!! Sugawara Koushi
7%
Haikyuu!! Iwaizumi Hajime
6%
Tekken Kazuya Mishima
6%
Haikyuu!! Ushijima Wakatoshi
6%
Diabolik Lovers Sakamaki Shuu
5%
Haikyuu!! Suna Rintarou
5%
My Hero Academia Bakugou Katsuki
4%
Kuroko no Basket Izuki Shun
4%
Haikyuu!! Miya Osamu
4%
My Hero Academia Tamaki Amajiki
4%
Haikyuu!! Tendou Satori
4%
Haikyuu!! Morisuke Yaku
3%
Diabolik Lovers Sakamaki Subaru
3%
Naruto Senju Tobirama
3%
Vampire Knight Senri Shiki
3%
My Hero Academia Hitoshi Shinso
2%
Kuroko no Basket Kasamatsu Yukio
2%
Haikyuu!! Kita Shinsuke
2%
Kuroko no Basket Nash Gold Jr.
2%
Vampire Knight Akatsuki Kain
1%
Tekken Fox Steve
1%
Kuroko no Basket Furihata Kouki
1%
Kuroko no Basket Hanamiya Makoto
1%
Tekken Hwoarang
1%
Kuroko no Basket Koganei Shinji
1%
Kuroko no Basket Mitobe Rinnosuke
1%
Kuroko no Basket Miyaji Kiyoshi
1%
Diabolik Lovers Mukami Ruki
1%
Diabolik Lovers Mukami Yuuma
1%
Kuroko no Basket Otsubo Taisuke
1%
Haikyuu!! Semi Eita
1%
Tekken Serafino Claudio
1%
Haikyuu!! Terushima Yuji
1%
Free! Yamazaki Sousuke
1%
Aucun quiz correspondant
Distribution des résultats
% des personnes avec chaque résultat
Percentile par nombre de réponses
Votre historique - résultats
Vous n’avez pas pris ce quiz depuis la dernière actualisation